| 000 | 00638nam a2200205Ia 4500 | ||
|---|---|---|---|
| 005 | 20250508162204.0 | ||
| 008 | 008 250505s9999 xx 000 0 eng d | ||
| 037 | _aTextual | ||
| 040 |
_aFEDL _beng _cFEDL |
||
| 041 |
_aeng _2eng |
||
| 084 |
_a371.2, POS _qFEDL |
||
| 100 |
_aPoster Cyril _9436083 |
||
| 245 | 0 | _aSchool decision-making : Educational management in secondary schools | |
| 260 |
_aLondon, UK _bHeinemann Educational Books _c1977 |
||
| 300 | _ax,180p. | ||
| 490 | _aHeinemann Organization In Schools Series | ||
| 650 | _aSchool Administration | ||
| 942 |
_cTEXL _h371.2, POS |
||
| 999 |
_c1374909 _d1374909 |
||